(The) Enclopaedia of Transport (Record no. 6065)

000 -LEADER
fixed length control field 00251nam a2200097Ia 4500
008 - FIXED-LENGTH DATA ELEMENTS--GENERAL INFORMATION
fixed length control field 201216s9999 xx 000 0 und d
100 ## - MAIN ENTRY--PERSONAL NAME
Personal name Marshall Cavendish
245 #0 - TITLE STATEMENT
Title (The) Enclopaedia of Transport
260 ## - PUBLICATION, DISTRIBUTION, ETC.
Place of publication, distribution, etc. London
Name of publisher, distributor, etc. Marshall Cavendish
300 ## - PHYSICAL DESCRIPTION
Extent 245
Holdings
Withdrawn status Lost status Damaged status Not for loan Permanent Location Date acquired Full call number Barcode Date last seen Price effective from
        IMU Kolkata 2020-12-16 388 M3671 PM01037 2020-12-16 2020-12-16
Designed and Maintained by IMU-KC Library, Kolkata Campus © Copyright All Rights Reserved

webs counters

Powered by Koha